| 000 | 002990000a22000970004500 | ||
|---|---|---|---|
| 100 | 1 | _aCharlesworth, James H. | |
| 245 | 1 | 0 | _aThe dead sea scrolls : Fifty years of discovery and controversy |
| 300 | _aVol. 19, Num. 2 (1998), Páginas 116-133 | ||
| 773 | 0 | _tThe Princeton Seminary Bulletin | |
| 942 | _cANA | ||
| 999 |
_c56608 _d56608 |
||